Sister Cities of England - Statistics

General Stats
  • This quiz has been taken 12 times
  • The average score is 67 of 1168
Answer Stats
English City Country Sister City % Correct
London Beijing
60%
London Berlin
60%
Birmingham Chicago
60%
Liverpool Cologne
60%
Birmingham Frankfurt am Main
60%
Birmingham Lyon
60%
London Moscow
60%
London New York City
60%
Liverpool, London Shanghai
60%
London Tokyo
60%
Liverpool Birmingham
50%
London Bogotá
50%
Dover Calais
50%
Coventry Dresden
50%
Middlesbrough Dunkirk
50%
Leeds Durban
50%
Reading Düsseldorf
50%
Birmingham, Bristol Guangzhou
50%
Birmingham Johannesburg
50%
London Kuala Lumpur
50%
Birmingham Leipzig
50%
Leeds Lille
50%
Birmingham MIlan
50%
Newcastle upon Tyne Newcastle
50%
Bristol Porto
50%
London Santiago
50%
Andover Andover
40%
Oxford Bonn
40%
Bristol Bordeaux
40%
Leeds Dortmund
40%
Liverpool Dublin
40%
Durham Durham
40%
Nottingham Ghent
40%
Hackney, Newcastle upon Tyne, Portsmouth Haifa
40%
Rochdale Lviv
40%
Watford Mainz
40%
Liverpool Panama City
40%
Liverpool Rio de Janeiro
40%
Kingston upon Hull Szczecin
40%
Sunderland Washington, D.C.
40%
Wisbech Arles
30%
Colchester Avignon
30%
Barnstaple Barnstable
30%
Newcastle upon Tyne Bergen
30%
Rochdale Bielefeld
30%
Plymouth Brest
30%
Portsmouth Caen
30%
Scarborough Cahir
30%
Christchurch Christchurch
30%
Sudbury Clermont
30%
Coventry Cork
30%
Sheffield Donetsk
30%
Evesham Evesham Township
30%
Sefton Gdańsk
30%
Leeds Hangzhou
30%
Bristol Hanover
30%
Nottingham Harare
30%
Nottingham Karlsruhe
30%
Coventry Kiel
30%
Hounslow Lahore
30%
Bolton Le Mans
30%
Bournemouth Lucerne
30%
Mansfield Mansfield, Massachusetts
30%
Mansfield Mansfield, Ohio
30%
Gloucester Metz
30%
Plymouth Plymouth
30%
Portsmouth Portsmouth
30%
Richmond upon Thames Richmond
30%
Norwich Rouen
30%
Bradford Skopje
30%
Dover Split
30%
Stafford Stafford County
30%
Leicester Strasbourg
30%
Stratford-upon-Avon Stratford
30%
Stratford-upon-Avon Stratford
30%
Stratford-upon-Avon Stratford
30%
Stratford-upon-Avon Stratford, Ontario
30%
Stratford-upon-Avon Stratford, Prince Edward Island
30%
St Helens Stuttgart
30%
Bristol Tbilisi
30%
Gloucester Trier
30%
Harrogate Wellington
30%
Lancaster Aalborg
20%
Bath Alkmaar
20%
Darlington Amiens
20%
Redditch Auxerre
20%
Coventry Belgrade
20%
Kensington and Chelsea Cannes
20%
Manchester Chemnitz
20%
Sheffield Chengdu
20%
Leicester Chongqing
20%
Nuneaton and Bedworth Cottbus
20%
Coventry Coventry, Connecticut
20%
Coventry Coventry, New York
20%
Coventry Coventry, Rhode Island
20%
York Dijon
20%
Ely Esbjerg
20%
Sunderland Essen
20%
Bradford Galway
20%
Plymouth Gdynia
20%
Oxford Grenoble
20%
Sunderland Harbin
20%
Stockport Heilbronn
20%
Coventry Jinan
20%
Newham Kaiserslautern
20%
Desborough Kannus
20%
Coventry Kecskemét
20%
Coventry Kingston
20%
Haringey, Norwich Koblenz
20%
Letchworth Garden City Kristiansand
20%
Haringey Larnaca
20%
Southampton Le Havre
20%
Oxford León
20%
Bracknell Leverkusen
20%
Wirral Lorient
20%
Lancaster Lublin
20%
Greenwich Maribor
20%
Basildon Meaux
20%
Bradford, North Tyneside, Thurrock Mönchengladbach
20%
Sefton Mons
20%
Walsall Mulhouse
20%
York Münster
20%
Newcastle upon Tyne Nancy
20%
York Nanjing
20%
Newburgh Newburgh
20%
St Albans Odense
20%
Liverpool Odesa
20%
Derby Osnabrück
20%
Lancaster Perpignan
20%
Sheffield Pittsburgh
20%
Southampton Qingdao
20%
Hounslow, Oxford Ramallah
20%
Canterbury Reims
20%
Exeter Rennes
20%
Waltham Forest Roseau
20%
Sherborne Rovinj
20%
Kegworth Ry
20%
Salisbury Saintes
20%
Coventry Saint-Étienne
20%
Christchurch Saint-Lô
20%
Rotherham Saint-Quentin
20%
Salisbury Salisbury, Maryland
20%
Salisbury Salisbury, North Carolina
20%
Stevenage Shymkent
20%
Waltham Forest St John's
20%
Liverpool Surabaya
20%
Portsmouth Sydney
20%
Cambridge Szeged
20%
Dartford Tallinn
20%
Tamworth Tamworth
20%
Christchurch Tatabánya
20%
Taunton Taunton
20%
Swindon Toruń
20%
Durham Tübingen
20%
Sherborne Türi
20%
Whitby Whitby
20%
Doncaster Wilmington
20%
Watford Wilmington
20%
Winchester Winchester
20%
Coventry Windsor
20%
Worcester Worcester
20%
St Albans Worms
20%
Manchester Wuhan
20%
South Tyneside Wuppertal
20%
Halifax Aachen
10%
Christchurch Aalen
10%
Burgess Hill Abbeville
10%
Bath Aix-en-Provence
10%
Basingstoke and Deane Alençon
10%
Sandwell, Thetford Amritsar
10%
Hammersmith and Fulham Anderlecht
10%
Wigan Angers
10%
Cheltenham Annecy
10%
Sheffield Anshan
10%
Abingdon-on-Thames Argentan
10%
Coventry, Croydon Arnhem
10%
Ipswich Arras
10%
Newcastle upon Tyne Atlanta
10%
Hackney Austin
10%
Bedford Bamberg
10%
Durham Banská Bystrica
10%
Dorchester Bayeux
10%
Bristol Beira
10%
Stafford Belfort
10%
Sherborne Bellagio
10%
Kirklees Besançon
10%
Stockport Béziers
10%
Billericay Billerica
10%
Amber Valley Blackstone Valley
10%
Lewes Blois
10%
Sheffield Bochum
10%
Coventry Bologna
10%
Hammersmith and Fulham Boulogne-Billancourt
10%
Folkestone Boulogne-sur-Mer
10%
Peterborough Bourges
10%
Bath Braunschweig
10%
Leeds Brno
10%
Radcliffe-on-Trent Bussy-Saint-Georges
10%
Medway Cádiz
10%
Gravesham Cambrai
10%
Solihull Changzhou
10%
Epsom and Ewell Chantilly
10%
Lewisham, Sutton Charlottenburg-Wilmersdorf (Berlin)
10%
Chichester Chartres
10%
Corby Châtellerault
10%
Cheltenham Cheltenham
10%
Poole Cherbourg-en-Cotentin
10%
Gravesham Chesterfield County
10%
Tiverton Chinon
10%
Salford Clermont-Ferrand
10%
Rotherham Cluj-Napoca
10%
Isle of Wight Coburg
10%
Vale of White Horse Colmar
10%
Coventry Cornwall
10%
Dalton-in-Furness Dalton
10%
Chesterfield Darmstadt
10%
Bury Datong
10%
Wirksworth Die
10%
Shepshed Domont
10%
Hastings Dordrecht
10%
Portsmouth Duisburg
10%
Bidford-on-Avon Ebsdorfergrund
10%
Trowbridge Elbląg
10%
Poynton Érd
10%
Stoke-on-Trent Erlangen
10%
Desborough Esch
10%
Canterbury Esztergom
10%
Rugby Évreux
10%
Henley-on-Thames Falaise
10%
Richmond upon Thames Fontainebleau
10%
Peterborough Forlì
10%
Guildford Freiburg im Breisgau
10%
Coventry Galați
10%
Newcastle upon Tyne Gelsenkirchen
10%
Winchester Giessen
10%
Amber Valley Głogów
10%
Windsor and Maidenhead Goslar
10%
Cheltenham Göttingen
10%
Coventry Graz
10%
Bromsgrove Gronau
10%
Newcastle upon Tyne Groningen
10%
Redditch Gruchet-le-Valasse
10%
Nuneaton and Bedworth Guadalajara
10%
Redditch Gujar Khan
10%
Torbay Hamelin
10%
Bradford Hamm
10%
Southampton Hampton
10%
Dartford Hanau
10%
Cambridge Heidelberg
10%
Hinckley Herford
10%
Havering Hesdin
10%
Weston-super-Mare Hildesheim
10%
Colchester Imola
10%
Cirencester Itzehoe
10%
Lyme Regis Jamestown
10%
Preston Kalisz
10%
Kettering Kettering
10%
Sheffield Khmelnytskyi
10%
Worcester Kleve
10%
Richmond upon Thames Konstanz
10%
Windsor and Maidenhead Kortrijk
10%
Leicester Krefeld
10%
Stamford Kutná Hora
10%
Winchester Laon
10%
Oxford Leiden
10%
Newmarket Lexington
10%
Abingdon-on-Thames Lucca
10%
Havering Ludwigshafen am Rhein
10%
Scunthorpe Lüneburg
10%
Crewe, Nantwich Mâcon
10%
Northampton Marburg
10%
Bridgwater Marsa
10%
Godalming Mayen
10%
Devizes Mayenne
10%
Evesham Melsungen
10%
Spelthorne Melun
10%
Redditch Mtwara
10%
Darlington Mülheim an der Ruhr
10%
Lincoln Nanchang
10%
Salford Narbonne
10%
St Albans Nevers
10%
Preston Nîmes
10%
Nottingham Ningbo
10%
Wellingborough Niort
10%
Norwich Novi Sad
10%
St Albans Nyíregyháza
10%
Middlesbrough Oberhausen
10%
Tower Hamlets Offenbach am Main
10%
Kingston upon Thames Oldenburg
10%
Coventry Ostrava
10%
Hastings Oudenaarde
10%
Bolton Paderborn
10%
Oxford Padua
10%
Penrith Penrith
10%
Thurrock Płock
10%
Northampton Poitiers
10%
Hythe Poperinge
10%
Looe Quiberon
10%
Liskeard Quimperlé
10%
Kingston upon Hull Raleigh
10%
Chichester Ravenna
10%
Lancaster Rendsburg
10%
Wirral Reno
10%
Ellesmere Port Reutlingen
10%
Rye Rye
10%
Gateshead Saint-Étienne-du-Rouvray
10%
Beaminster Saint-James
10%
Blackpool Sanya
10%
Warwick Saumur
10%
Chester Sens
10%
Corby Shijiazhuang
10%
Leeds Siegen
10%
Abingdon-on-Thames Sint-Niklaas
10%
Carlisle Słupsk
10%
Blyth Solingen
10%
Brent South Dublin
10%
Chichester Speyer
10%
Whitby Stanley
10%
Redditch St Elizabeth
10%
Hackney St George's
10%
Lyme Regis St George's
10%
Fenland Sunshine Coast
10%
Sherborne Sušice
10%
Eastwood Szolnok
10%
Newcastle upon Tyne Taiyuan
10%
Lincoln Tangshan
10%
Blackburn Tarnów
10%
Stafford Tarragona
10%
Nottingham Timișoara
10%
Bognor Regis Trebbin
10%
Southampton Trieste
10%
Chesterfield Troyes
10%
Tendring Valence
10%
Medway Valenciennes
10%
Fareham Vannes
10%
Lancaster Växjö
10%
Watford Veliky Novgorod
10%
Peterborough Vinnytsia
10%
Canterbury Vladimir
10%
Cheltenham Weihai
10%
Sawtry Weimar
10%
Royal Tunbridge Wells Wiesbaden
10%
Barking and Dagenham Witten
10%
Oxford Wrocław
10%
Colchester Yangzhou
10%
Birmingham Zaporizhzhia
10%
Launceston Achim
0%
Sherborne Agros
0%
Haworth Aguas Calientes
0%
Ulverston Albert
0%
Whitstable Albertslund
0%
Durham Alcalá de Guadaíra
0%
Peterborough Alcalá de Henares
0%
Wakefield Alfeld
0%
Lymington Almansa
0%
Preston Almelo
0%
Sherborne Altea
0%
Blackburn Altena
0%
Burton Latimer Altendiez
0%
Harpenden Alzey
0%
Midsomer Norton Ambarès-et-Lagrave
0%
Whitby Anchorage
0%
Farnham Andernach
0%
Bury Angoulême
0%
Chelmsford Annonay
0%
Lewisham Antony
0%
Polegate Appen
0%
Chesham Archena
0%
Haringey Arima
0%
Stalybridge Armentières
0%
Bexley Arnsberg
0%
Uckfield Arques-la-Bataille
0%
Bathford Artannes-sur-Indre
0%
Sherborne Asikkala
0%
Stockton-on-Tees Asnières-sur-Seine
0%
Bromyard Athis-Val de Rouvre
0%
Horndean Aubergenville
0%
Wadhurst Aubers
0%
Penryn Audierne
0%
Bassetlaw Aurillac
0%
Stevenage Autun
0%
Tenterden Avallon
0%
Newton Abbot Aÿ-Champagne
0%
Chelmsford Backnang
0%
Bodmin Bad Bederkesa (Geestland)
0%
Wells Bad Dürkheim
0%
Droitwich Spa Bad Ems
0%
Skegness Bad Gandersheim
0%
Windsor and Maidenhead Bad Godesberg (Bonn)
0%
Exeter Bad Homburg vor de Höhe
0%
Sherborne Bad Kötzting
0%
Tamworth Bad Laasphe
0%
Ashford Bad Münstereifel
0%
Buxton Bad Nauheim
0%
Yate Bad Salzdetfurth
0%
Glossop Bad Vilbel
0%
Wallingford Bad Wurzach
0%
Malvern Bagnères-de-Bigorre
0%
Harrogate Bagnères-de-Luchon
0%
Newbury Bagnols-sur-Cèze
0%
East Bergholt Barbizon
0%
Petersfield Barentin
0%
Oakham Barmstedt
0%
Harrogate Barrie
0%
Callington Barsbüttel
0%
Romsey Battenberg
0%
Tameside Bengbu
0%
Torpoint Bénodet
0%
Amersham Bensheim
0%
Bath Beppu
0%
Hythe Berck
0%
Lyme Regis Berfleur
0%
Luton, Runnymede Bergisch Gladbach
0%
Brampton Berry-Bouy
0%
Newton Abbot Besigheim
0%
Hastings Béthune
0%
Tendring Biberach an der Riss
0%
Ealing Bielany (Warsaw)
0%
Kirklees Bielsko-Biała
0%
Desborough Bienvenida
0%
Surrey Heath Bietigheim-Bissingen
0%
Desborough Bièvre
0%
Kegworth Bihorel
0%
Hitchin Bingen am Rhein
0%
Crewe, Nantwich Bischofsheim
0%
Whitby Bland
0%
Henley-on-Thames Bled
0%
Canterbury Bloomington
0%
Rossendale Bocholt
0%
Tarporley Bohars
0%
Grendon Bois-Bernard
0%
Kegworth Bois-Guillaume
0%
Colney Heath Boissy-sous-Saint-Yon
0%
Shepton Mallet Bollnäs
0%
Haywards Heath Bondues
0%
Westerham Bonneval
0%
Seaford Bönningstedt
0%
Truro Boppard
0%
Whitstable Borken
0%
Kegworth Bosc-Guérard-Saint-Adrien
0%
Blackpool Bottrop
0%
Halesworth Bouchain
0%
East Grinstead Bourg-de-Péage
0%
Aylesbury Bourg-en-Bresse
0%
Kenilworth Bourg-la-Reine
0%
Dunstable Bourgoin-Jallieu
0%
Dursley Bovenden
0%
Basingstoke and Deane Braine-l'Alleud
0%
Todmorden Bramsche
0%
Newbury Braunfels
0%
Olveston Bréhan
0%
Shaftesbury Brionne
0%
Lambeth Brooklyn (New York)
0%
Royal Leamington Spa Brühl
0%
Reigate and Banstead Brunoy
0%
Desborough Bucine
0%
Marlow Budavár (Budapest)
0%
Sherborne Bundoran
0%
St Buryan Calan
0%
Calne Caln Township
0%
Northiam Calonne-sur-la-Lys
0%
St Ives, Cornwall Camaret-sur-Mer
0%
Doncaster Camden
0%
Newbury Carcaixent
0%
Selby Carentan-les-Marais
0%
Desborough Cashel
0%
Wakefield Castres
0%
Wakefield Castrop-Rauxel
0%
Lytham St Annes Caudry
0%
Tavistock Celle
0%
West Lancashire Cergy
0%
Warrington Červený Kostelec
0%
Warrington Česká Skalice
0%
Chipping Sodbury Cesson
0%
Letchworth Garden City Chagny
0%
Enfield Chalandri
0%
Ilkeston Châlons-en-Champagne
0%
St Helens Chalon-sur-Saône
0%
Lutterworth Chambourcy
0%
Dukinfield Champagnole
0%
Bradley Stoke Champs-sur-Marne
0%
Medway Chancheng (Foshan)
0%
Trowbridge Charenton-le-Pont
0%
Calne Charlieu
0%
Coleshill Chassieu
0%
Frome Château-Gontier
0%
Wellington, Shropshire Châtenay-Malabry
0%
Ashton-under-Lyne Chaumont
0%
Billericay Chauvigny
0%
Barnet Chaville
0%
Littlehampton Chennevières-sur-Marne
0%
Ramsgate Chimay
0%
Sherborne Chojna
0%
Solihull Cholet
0%
Desborough Cissé
0%
Scunthorpe Clamart
0%
Haringey Clarendon
0%
Southwark Clichy
0%
Reading Clonmel
0%
Oswestry Combs-la-Ville
0%
Bury St Edmunds Compiègne
0%
Penzance Concarneau
0%
Ramsgate Conflans-Sainte-Honorine
0%
Whitby Cook
0%
Ware Cormeilles-en-Parisis
0%
Harpenden Cosne-Cours-sur-Loire
0%
Leighton-Linslade Coulommiers
0%
Irchester Coulon
0%
Calderdale County Mayo
0%
Enfield Courbevoie
0%
Alveston Courville-sur-Eure
0%
Ilkley Coutances
0%
Pendle Creil
0%
Swainswick Cressy-sur-Somme
0%
Seaford Crivitz
0%
Maldon Cuijk
0%
Twyford Cuincy
0%
Penzance Cuxhaven
0%
Much Wenlock Cysoing
0%
Whitstable Dainville
0%
North East Derbyshire Darmstadt-Dieburg
0%
Cannock Chase Datteln
0%
Rushmoor Dayton
0%
Winsford Deuil-la-Barre
0%
Syston Déville-lès-Rouen
0%
Windermere Dießen am Ammersee
0%
Hereford Dillenburg
0%
Newquay Dinard
0%
Oakham Dodgeville
0%
Crawley Dorsten
0%
Harrow Douai
0%
Falmouth Douarnenez
0%
Willenhall Drancy
0%
Stafford Dreieich
0%
Evesham Dreux
0%
Rothwell Druoé
0%
Littlehampton Durmersheim
0%
Crewe, Nantwich Dzierżoniów
0%
Whitby East Fremantle
0%
Stoke-on-Trent East Liverpool
0%
Matlock Eaubonne
0%
Newbury Eeklo
0%
Haverhill Ehringshausen
0%
Baldock Eisenberg
0%
Halesworth Eitorf
0%
Burton upon Trent Elkhart
0%
Hurst Green Ellerhoop
0%
Norwich El Viejo
0%
Worthing Elzach
0%
Newark-on-Trent Emmendingen
0%
King's Lynn Emmerich am Rhein
0%
Calne Eningen unter Achalm
0%
Clevedon Épernay
0%
Loughborough Épinal
0%
Peacehaven Épinay-sous-Sénart
0%
South Tyneside Épinay-sur-Seine
0%
Kenilworth Eppstein
0%
Wokingham Erftstadt
0%
Bude-Stratton Ergué-Gabéric
0%
West Lancashire Erkrath
0%
Biggleswade Erlensee
0%
Banbury Ermont
0%
Reigate and Banstead Eschweiler
0%
Luton Eskilstuna
0%
East Sussex Essonne
0%
Leek Este
0%
Sheffield Estelí
0%
Folkestone Étaples
0%
Clevedon Ettlingen
0%
Basingstoke and Deane Euskirchen
0%
Ashby-de-la-Zouch Evans
0%
Hertford Évron
0%
Bexley Évry-Courcouronnes
0%
St Neots Faches-Thumesnil
0%
St Albans Fano
0%
Bassetlaw Farmers Branch
0%
Cheddar Felsberg
0%
Newbury Feltre
0%
Upchurch Ferques
0%
Selby Filderstadt
0%
Billericay Fishers
0%
Carlisle Flensburg
0%
Warminster Flers
0%
Kegworth Fontaine-le-Bourg
0%
Wells Fontanellato
0%
Elstree and Borehamwood Fontenay-aux-Roses
0%
Coniston Fonteno
0%
Heathfield and Waldron Forges-les-Eaux
0%
Bewdley Fort-Mahon-Plage
0%
Ashford Fougères
0%
Potters Bar Franconville
0%
Wirksworth Frankenau
0%
Windsor and Maidenhead Frascati
0%
Sudbury Fredensborg
0%
Ramsgate Frederikssund
0%
Sleaford Fredersdorf-Vogelsdorf
0%
Kingston upon Hull Freetown
0%
Chesham Friedrichsdorf
0%
Biddulph Fusignano
0%
Sutton Gagny
0%
Bassetlaw Garbsen
0%
Patchway Gauting
0%
Loughborough Gembloux
0%
Littlethorpe, Narborough Genappe
0%
Wincanton Gennes-Val-de-Loire
0%
Wirral Gennevilliers
0%
Seaham Gerlingen
0%
Enfield Gladbeck
0%
Sutton Gladsaxe
0%
Doncaster Gliwice
0%
Andover Goch
0%
Rushmoor Gorkha
0%
Hailsham Gournay-en-Bray
0%
Whitstable Grabow
0%
Coventry Granby
0%
Spelthorne Grand Port
0%
Sherborne Granville
0%
Bodmin Grass Valley
0%
Dartford Gravelines
0%
Penzance Greater Bendigo
0%
Penistone Grindavík
0%
Godmanchester, Huntingdon Gubbio
0%
Callington Guipavas
0%
Porthleven Guissény
0%
Worthing Gutach im Breisgau
0%
Broxtowe Gütersloh
0%
Kingston upon Thames Gwanak (Seoul)
0%
Higham Ferrers Hachenburg
0%
North Tyneside Halluin
0%
Barnstaple Harstad
0%
Leicester Haskovo
0%
Harlow Havířov
0%
Poynton Haybes
0%
Faversham Hazebrouck
0%
Royal Leamington Spa Heemstede
0%
Basildon, Mansfield Heiligenhaus
0%
Chard Helmstedt
0%
Mossley Hem
0%
Swaffham Hemmoor
0%
Wakefield Hénin-Beaumont
0%
Banbury Hennef
0%
Waterlooville Henstedt-Ulzburg
0%
Desborough Hepstedt
0%
Yeovil Herblay-sur-Seine
0%
Runnymede Herndon
0%
Wakefield Herne
0%
Doncaster Herten
0%
Tonbridge and Malling Heusenstamm
0%
Warrington Hilden
0%
Tiverton Hofheim am Taunus
0%
Sherborne Holstebro
0%
Isle of Portland, Weymouth Holzwickede
0%
Bridgwater Homberg
0%
Sandwich Honfleur
0%
Ashford Hopewell
0%
Feock Hôpital-Camfrout
0%
Barnsley Horlivka
0%
Crowborough Horwich
0%
Sherborne Houffalize
0%
Chesham Houilles
0%
Sudbury Höxter
0%
Warrington Hronov
0%
Hartlepool Hückelhoven
0%
St Just in Penwith Huelgoat
0%
Thetford Hürth
0%
Kidderminster Husum
0%
Desborough Ibănești
0%
Margate Idar-Oberstein
0%
Coniston Illiers-Combray
0%
Stevenage Ingelheim am Rhein
0%
Merton Irving
0%
Peacehaven Isernhagen
0%
Kegworth Isneauville
0%
Street Isny im Allgäu
0%
Hounslow Issy-les-Moulineaux
0%
Medway Itō
0%
Newick Itteville
0%
Kingston upon Thames Jaffna
0%
Gravesham, Hounslow Jalandhar
0%
Corsham Jargeau
0%
Warrington Jaroměř
0%
Durham Jász-Nagykun-Szolnok County
0%
Hereford Jaworzno
0%
Godalming Joigny
0%
Runnymede Joinville-le-Pont
0%
Sherborne Judenburg
0%
East Hoathly with Halland Juziers
0%
Stevenage Kadoma
0%
Desborough Kandava
0%
Whitworth Kandel
0%
Bath Kaposvár
0%
Whitby Kauai County
0%
High Wycombe Kelkheim
0%
East Cambridgeshire Kempen
0%
Bury St Edmunds Kevelaer
0%
Denton Kierspe
0%
Kendal Killarney
0%
Bardsey cum Rigton Kisdorf
0%
North Tyneside Klaipėda
0%
Walsall Kobar
0%
Desborough Kolindros
0%
Gateshead Komatsu
0%
Taunton Königslutter am Elm
0%
Cleethorpes Königswinter
0%
Wakefield Konin
0%
Eastleigh Kornwestheim
0%
Kirklees Kostanay
0%
Sherborne Köszeg
0%
Shepshed Kotturu
0%
Oldham Kranj
0%
Amersham Krynica-Zdrój
0%
Rustington Künzell
0%
Birchington-on-Sea La Chapelle-d'Armentières
0%
Newhaven La Chapelle-Saint-Mesmin
0%
Bridgwater La Ciotat
0%
Ludlow La Ferté-Macé
0%
Horsham Lage
0%
Alnwick Lagny-sur-Marne
0%
St Ives, Cornwall Laguna Beach
0%
Wincanton Lahnau
0%
Kettering Lahnstein
0%
Amber Valley Laholm
0%
Glastonbury Lalibela
0%
Lizard Landévennec
0%
Bideford Landivisiau
0%
Long Eaton Langen
0%
Southwark Langenhagen
0%
Wadebridge Langueux
0%
Desborough Lassee
0%
Sandwell Le Blanc-Mesnil
0%
Trowbridge Leer
0%
Hinckley Le Grand-Quevilly
0%
Henley-on-Thames Leichlingen
0%
Halton Leiria
0%
Faringdom Le Mêle-sur-Sarthe
0%
Newmarket Le Mesnil-le-Roi
0%
Beverley Lemgo
0%
Burham L'Épine
0%
Woking Le Plessis-Robinson
0%
Tonbridge and Malling Le Puy-en-Velay
0%
Barnet Le Raincy
0%
Bodmin Le Relecq-Kerhuon
0%
Margate Les Mureaux
0%
Drayton Lesparre-Médoc
0%
Brackley Les Pavillons-sous-Bois
0%
Worthing Les Sables-d'Olonne
0%
Thetford Les Ulis
0%
Witney Le Touquet-Paris-Plage
0%
Worcester Le Vésinet
0%
Keynsham Libourne
0%
Somerton Licciana Nardi
0%
Coventry Lidice
0%
Verwood Liederbach am Taunus
0%
Lichfield Limburg an der Lahn
0%
Shaftesbury Lindlar
0%
Burton upon Trent Lingen
0%
Kenton Linkebeek
0%
Taunton Lisieux
0%
Newcastle upon Tyne Little Rock
0%
Haringey Livry-Gargan
0%
Chester Lörrach
0%
Rustington Los Altos
0%
Isle of Portland, Weymouth Louviers
0%
Dorchester Lübbecke
0%
Mildenhall Luc-sur-Mer
0%
Brighouse Lüdenscheid
0%
Salford Lünen
0%
Wallingford Luxeuil-les-Bains
0%
Buntingford Luynes
0%
Grove Mably
0%
Wantage Mably
0%
Solihull Main-Taunus
0%
Newmarket Maisons-Laffitte
0%
Portsmouth Maizuru
0%
St Neot Malguénac
0%
Bideford Manteo
0%
Hillingdon Mantes-la-Jolie
0%
Keighley Manzini
0%
Barrow upon Soar Marans
0%
Ealing Marcq-en-Barœul
0%
Malvern Mariánské Lázně
0%
Kington Marines
0%
Pendle Marl
0%
Marlow Marly-le-Roi
0%
Brampton Marmagne
0%
Southam Marolles-en-Hurepoix
0%
Oadby and Wigston Maromme
0%
Sleaford Marquette-lez-Lille
0%
Sherborne Marsaskala
0%
Cockermouth Marvejols
0%
Halton Marzahn-Hellersdorf (Berlin)
0%
Leicester Masaya
0%
Lewisham Matagalpa
0%
Brundall Maurecourt
0%
Waterlooville Maurepas
0%
Desborough Medzev
0%
Sherborne Meerssen
0%
Hatfield Merksplas
0%
Rushmoor Meudon
0%
Didcot Meylan
0%
Southampton Miami-Dade County
0%
Clevedon Middelkerke
0%
Wirral Midland
0%
Bridlington Millau
0%
Forest Row Milly-la-Forêt
0%
East Grinstead Mindelheim
0%
Sutton Minden
0%
Redruth Mineral del Monte
0%
Redruth Mineral Point
0%
Knowsley Moers
0%
Welton Moncé-en-Belin
0%
Brackley Montabaur
0%
Crowborough Montargis
0%
Brentwood Montbazon
0%
Barnet Montclair
0%
Harrogate Montecatini Terme
0%
Alton Montecchio Maggiore
0%
Hammersmith and Fulham Montefiore Conca
0%
Winster Monterubbiano
0%
Thame Montesson
0%
Denton Montigny-le-Bretonneux
0%
Knutsford Montmorency
0%
Edenbridge Mont-Saint-Aignan
0%
Chard Morangis
0%
Desborough Moravče
0%
Truro Morlaix
0%
Barnet Morphou
0%
Shrivenham Mortrée
0%
Lymington Mosbach
0%
Buckingham Mouvaux
0%
Snodland Moyeuvre-Grande
0%
Frome Murrhardt
0%
Hartlepool Muskegon
0%
Calderdale Musoma
0%
Sheringham Muzillac
0%
Keighley Myrtle Beach
0%
Warrington Náchod
0%
Desborough Nadur
0%
Desborough Næstved
0%
Desborough Nagycenk
0%
Durham Nakskov
0%
Dartford Namyangju
0%
Watford Nanterre
0%
Ludlow Narberth
0%
Bournemouth Netanya
0%
Fenland Nettetal
0%
Windsor and Maidenhead Neuilly-sur-Seine
0%
Dacorum Neu-Isenburg
0%
Buckingham Neukirchen-Vluyn
0%
Hammersmith and Fulham Neukölln (Berlin)
0%
Gravesham Neumünster
0%
Lincoln Neustadt an der Weinstraße
0%
Desborough Neuville-de-Poitou
0%
Bromley Neuwied
0%
Penzance Nevada City
0%
Sherborne Niederanven
0%
Kingston upon Hull Niigata
0%
Thetford Nissewaard
0%
Beverley Nogent-sur-Oise
0%
South Tyneside Noisy-le-Sec
0%
Peterlee Nordenham
0%
Oadby and Wigston Norderstedt
0%
Canterbury Normal
0%
Bath Northern Beaches
0%
Warrington Nové Město nad Metují
0%
Hitchin Nuits-Saint-Georges
0%
Whitby Nuku'alofa
0%
Devizes Oamaru
0%
Rushmoor Oberursel
0%
Wimborne Minster Ochsenfurt
0%
Desborough Ockelbo
0%
Swindon Ocotal
0%
North Tyneside Oer-Erkenschwick
0%
Elstree and Borehamwood Offenburg
0%
Thurmaston Offranville
0%
Buxton Oignies
0%
Shepton Mallet Oissel
0%
Buntingford Ólvega
0%
Verwood Orée-d'Anjou
0%
Scunthorpe Ostrowiec Świętokrzyski
0%
Sheringham Otterndorf
0%
Beatheaston Oudon
0%
Trowbridge Oujda
0%
Sherborne Oxelösund
0%
Romsey Paimpol
0%
Desborough Pano Lefkara
0%
Wells Paray-le-Monial
0%
Coventry Parkes
0%
Glastonbury Patmos
0%
Belper Pawtucket
0%
Blackburn Péronne
0%
Alton Pertuis
0%
Watford Pesaro
0%
Beccles Petit-Couronne
0%
Bassetlaw Pfungstadt
0%
East Sussex Pinneberg
0%
Ashby-de-la-Zouch Pithiviers
0%
Lowestoft Plaisir
0%
Didcot Planegg
0%
Launceston Plestin-les-Grèves
0%
Helston Pleumeur-Bodou
0%
Lostwithiel Pleyber-Christ
0%
Stithians Ploërdut
0%
Saltash Plougastel-Daoulas
0%
St Germans Plouguerneau
0%
St Erth Ploulec'h
0%
Redruth Plumergat
0%
Keighley Poix-du-Nord
0%
Barnet Pokhara
0%
Desborough Põlva
0%
Ringwood Pont-Audemer
0%
Constantine Pont-Croix
0%
Tavistock Pontivy
0%
Sevenoaks, West Lancashire Pontoise
0%
Haverhill Pont-Saint-Esprit
0%
Whitby Porirua
0%
Cawsand Porspoder
0%
Helston Port Augusta
0%
Street Port-Jérôme-sur-Seine
0%
Lincoln Port Lincoln
0%
Dunstable Porz (Cologne)
0%
Eye Pouzauges
0%
Sherborne Preveza
0%
Mabe Primelin
0%
Pucklechurch Pringy
0%
Bristol Puerto Morazán
0%
Fareham Pulheim
0%
Uckfield Quickborn
0%
Frome Rabka-Zdrój
0%
Lincoln Radomsko
0%
Leicester Rajkot
0%
Barnet Ramat Gan
0%
Great Yarmouth Rambouillet
0%
Ditton Rang-du-Fliers
0%
Woking Rastatt
0%
Preston Recklinghausen
0%
Andover Redon
0%
Greenwich Reinickendorf (Berlin)
0%
Ashington, Newbiggin by the Sea Remscheid
0%
Southampton Rems-Murr
0%
Sevenoaks Rheinbach
0%
Whitstable Říčany
0%
Rotherham Riesa
0%
Kendal Rinteln
0%
Adur Riom
0%
Elland Riorges
0%
Coniston Riva di Solto
0%
Silkstone Rives de l'Yon
0%
Uppingham Rives-en-Seine
0%
Birstall Rixensart
0%
Nuneaton and Bedworth Roanne
0%
Kenilworth Roccalumera
0%
Sherborne Rokiškis
0%
Coalville Romans-sur-Isère
0%
Long Eaton Romorantin-Lanthenay
0%
Kirkby-in-Ashfield Ronchin
0%
Todmorden Roncq
0%
Sandwich Ronse
0%
Falmouth Rotenburg
0%
Brentwood Roth
0%
Bradford Roubaix
0%
Hadleigh Rousies
0%
Bedford Rovigo
0%
Longdendale Ruppichteroth
0%
Rugby Rüsselsheim am Main
0%
Rushmoor Rzeszów
0%
Rochdale Sahiwal
0%
Minehead Saint-Berthevin
0%
Rotherfield Saint-Chéron
0%
Windsor and Maidenhead Saint-Cloud
0%
Newark-on-Trent Saint-Cyr-sur-Loire
0%
Camborne Sainte-Anne-d'Auray
0%
Lichfield Sainte-Foy-lès-Lyon
0%
Cirencester Saint-Genis-Laval
0%
March Saint-Jean-de-Braye
0%
Horsham Saint-Maixent-l'École
0%
Waltham Forest Saint-Mandé
0%
Bognor Regis Saint-Maur-des-Fossés
0%
Sunderland Saint-Nazaire
0%
Salford Saint-Ouen-sur-Seine
0%
Kidsgrove Saint-Paul-du-Bois
0%
Hebden Royd Saint-Pol-sur-Ternoise
0%
Bilbrook, Codsall Saint-Pryvé-Saint-Mesmin
0%
Polegate Saintry-sur-Seine
0%
Bromsgrove Saint-Sauveur-Lendelin
0%
Calstock Saint-Thuriau
0%
Bridport Saint-Vaast-la-Hougue
0%
Battle Saint-Valery-sur-Somme
0%
Filton Saint-Vallier
0%
Godmanchester, Huntingdon Salon-de-Provence
0%
Swindon Salzgitter
0%
Felixstowe Salzwedel
0%
Yeovil Samarate
0%
Desborough Samuel (Soure)
0%
Newark-on-Trent Sandomierz
0%
Reading San Francisco Libre
0%
Grantham Sankt Augustin
0%
Ludlow San Pietro in Cariano
0%
Plymouth San Sebastián
0%
East Grinstead Sant Feliu de Guíxols
0%
Baldock Sanvignes-les-Mines
0%
Coventry Sarajevo
0%
East Hendred, West Hendred Sarceaux
0%
Enfield Sarıyer
0%
Helston Sasso Marconi
0%
Leominster Saverne
0%
Royal Leamington Spa Sceaux
0%
Hillingdon Schleswig
0%
South Ribble Schleswig-Flensburg
0%
Burgess Hill Schmallenberg
0%
Abingdon-on-Thames Schongau
0%
Bury Schorndorf
0%
Bridgnorth Schrobenhausen
0%
Barnsley Schwäbisch Gmünd
0%
Loughborough Schwäbisch Hall
0%
Yarm Schwalbach am Taunus
0%
East Grinstead Schwaz
0%
Portishead Schweich
0%
Hastings Schwerte
0%
Wantage Seesen
0%
Chard Șeica Mare
0%
Workington Selm
0%
Chester Senigallia
0%
Sherborne Sesimbra
0%
Spalding Sézanne
0%
Barnet Siegen-Wittgenstein
0%
Sherborne Sigulda
0%
Somerton Sillé-le-Guillaume
0%
Worthing Simonswald
0%
Thame Sinaia
0%
Dronfield Sindelfingen
0%
Sherborne Siret
0%
Stafford Skarżysko-Kamienna
0%
Thetford Skawina
0%
Sherborne Škofja Loka
0%
Hartlepool Sliema
0%
Desborough Slivo Pole
0%
Coniston Solto Collina
0%
Durham Somme
0%
Sandwich Sonsbeck
0%
Southend-on-Sea Sopot
0%
Luton Spandau (Berlin)
0%
Reading Speightstown
0%
St Ives, Cambridgeshire Stadtallendorf
0%
Desborough Starý Poddvorov
0%
Ealing Steinfurt
0%
Calderdale Strakonice
0%
Ledbury Strömstad
0%
Mansfield Stryi
0%
Desborough Strzyżów
0%
Surrey Heath Sucy-en-Brie
0%
Rushmoor Sulechów
0%
Hackney Suresnes
0%
Barnstaple Susa
0%
Tendring Świdnica
0%
Godmanchester, Huntingdon Szentendre
0%
Wirral Taicang
0%
Yeovil Taunusstein
0%
Barking and Dagenham Tczew
0%
Greenwich Tema
0%
Barnet Tempelhof-Schöneberg (Berlin)
0%
Eastleigh Temple Terrace
0%
Exeter Terracina
0%
Bridgnorth Thiers
0%
Hessle Thizy-les-Bourgs
0%
Alnwick Time
0%
Harlow Tingalpa
0%
Desborough Tisno
0%
Leighton-Linslade Titisee-Neustadt
0%
Halton Tongling
0%
Devizes Tornio
0%
Wellington, Somerset Torres Vedras
0%
Rochdale Tourcoing
0%
Derbyshire Toyota
0%
Congleton Trappes
0%
Haywards Heath Traunstein
0%
Romsey Treviglio
0%
Redcar and Cleveland Troisdorf
0%
Desborough Troisvierges
0%
Barnstaple Trouville-sur-Mer
0%
Sherborne Tryavna
0%
Chesterfield Tsumeb
0%
Bury Tulle
0%
Whaley Bridge Tymbark
0%
Barnstaple Uelzen
0%
Bridgwater Uherské Hradiště
0%
Worcester Ukmergė
0%
Kirklees Unna
0%
Witney Unterhaching
0%
Halton Ústí nad Labem
0%
Workington Val-de-Reuil
0%
Kenton Val-du-Layon
0%
Swaffham Valence-en-Poitou
0%
Wimborne Minster Valognes
0%
Tamworth Vaujours
0%
Corby Velbert
0%
Harlow Vélizy-Villacoublay
0%
Bewdley Vellmar
0%
Stamford Vence
0%
East Grinstead Verbania
0%
Warwick Verden an der Aller
0%
Stowmarket Verneuil d'Avre et d'Iton
0%
Great Shelford, Little Shelford Verneuil-en-Halatte
0%
Cheddar Vernouillet
0%
Yarm Vernouillet
0%
Bradford Verviers
0%
Darley Dale Veuzain-sur-Loire
0%
Potters Bar Viernheim
0%
Peterborough Viersen
0%
Hereford Vierzon
0%
Stapleford Villedômer
0%
Droylsden Villemomble
0%
Stourport-on-Severn Villeneuve-le-Roi
0%
Eastleigh Villeneuve-Saint-Georges
0%
Maldon Villeparisis
0%
Fordingbridge Vimoutiers
0%
Lambeth Vincennes
0%
Totnes Vire-Normandie
0%
Wokingham Viry-Châtillon
0%
Lymington Vitré
0%
Burnley Vitry-sur-Seine
0%
Alnwick Voerde
0%
Droitwich Spa Voiron
0%
Devizes Waiblingen
0%
Worthing Waldkirch
0%
Lewes Waldshut-Tiengen
0%
Herne Bay Waltrop
0%
Waltham Forest Wandsbek (Hamburg)
0%
Petersfield Warendorf
0%
Warminster Warminster Township
0%
Hebden Royd Warstein
0%
Broadstairs and St Peter's Wattignies
0%
Bognor Regis Weil am Rhein
0%
Kingsbridge Weilerbach
0%
Wilbarston Weinähr
0%
Lytham St Annes Werne
0%
Godmanchester, Huntingdon Wertheim
0%
Felixstowe Wesel
0%
Durham Wesel (district)
0%
Havant Wesermarsch
0%
Cannock Chase Western Springs
0%
Wheaton Aston Wheaton
0%
Whitby Whitianga
0%
Hertford Wildeshausen
0%
Herne Bay Wimereux
0%
Letchworth Garden City Wissen
0%
Wellingborough Wittlich
0%
Filton Witzenhausen
0%
Bedford Włocławek
0%
Bury Woodbury
0%
Nottingham Września
0%
Colchester Wtzlar
0%
Ware Wülfrath
0%
Chelmsford Wuxi
0%
Salisbury Xanten
0%
Wakefield Xiangyang
0%
Margate Yalta
0%
Derbyshire Yangpu (Shanghai)
0%
Chesterfield Yangquan
0%
Havant Yavoriv Raion
0%
Medway Yokosuka
0%
Hammersmith and Fulham Zaanstad
0%
Rotherham Zabrze
0%
Desborough Žagarė
0%
Loughborough Zamość
0%
Sedbergh Zreče
0%
Sherborne Zvolen
0%
Adur Żywiec
0%
No matching quizzes found
Score Distribution
Percent of People with Each Score
Percentile by Number Answered
Your Score History
You have not taken this quiz